Me And The Devil - Soap&Skin - All Lyrics - Statistics

General Stats
  • This quiz has been taken 75 times
  • The average score is 88 of 128
Answer Stats
Answer % Correct
Me
97%
me
97%
the
97%
And
93%
and
93%
Devil,
93%
I
93%
by
87%
side
87%
walking
87%
It
83%
my
83%
Say,
83%
that
83%
you
83%
You
83%
it's
80%
be
77%
see
77%
See,
77%
see,
77%
to
77%
don't
73%
I'm
73%
say,
73%
when
73%
Early
70%
go"
70%
morning,
70%
that
70%
this
70%
"Hello
67%
man
67%
time
67%
door
63%
get
63%
gonna
63%
in
63%
Satan
63%
satisfied
63%
until
63%
why
63%
believe
60%
knocked
60%
'round
60%
so
60%
So
60%
upon
60%
body
57%
people
57%
your
57%
bury
53%
down
50%
ground
50%
can
47%
may
47%
must
47%
spirit,
47%
spirit
47%
dog
43%
evil
43%
old
43%
deep
40%
highway
40%
bus
33%
Greyhound
30%
ride
30%
No matching quizzes found
Score Distribution
Percent of People with Each Score
Percentile by Number Answered
Your Score History
You have not taken this quiz